000 00458nam a2200169Ia 4500
001 25247
003 IN-NITTTR
005 20251114233321.0
008 251113s9999||||xx |||||||||||||| ||eng||
040 _beng
040 _cIN-NITTTR
041 _aeng
082 _a621.3822 D1E
100 _aDornan, Andy
245 4 _aThe essential guide to wireless communications applications :
_b from cellular to WAP and M-Commerce /
_cDornan, Andy
942 _2ddc
_cBK
999 _c27876
_d27876